000 00517nam a2200181Ia 4500
003 OSt
005 20240404100633.0
008 210210b1938 xxu||||| |||| 00| 0 eng d
040 _cAL
041 _aKannada
082 _a852/291
100 _aMULIYA TIMMAPPAYYA ಮುಳಿಯ ತಿಮ್ಮಪ್ಪಯ್ಯ
_9136680
245 _aAdipurana sangraha
_bಆದಿಪುರಾಣ ಸಂಗ್ರಹ
260 _aMangaluru
_b-
_c1938
690 _aKannada Prose
_9136683
906 _a018859
942 _2ddc
_cBK
999 _c142587
_d142587